| 000 | 01001nam a2200265Ia 4500 | ||
|---|---|---|---|
| 003 | GCL | ||
| 008 | 140319s9999 xx 000 0 ara d | ||
| 040 |
_aGCL / _cGCL |
||
| 082 | 0 | 4 |
_aق _b726.1 _bا م |
| 100 | 1 | _aاحمد فكرى | |
| 245 | 1 | 0 |
_aمساجد القاهرة ومدارسها : _bالجزء الاول العصر الفاطمى / _cاحمد فكرى |
| 260 |
_aالقاهرة : _bدار المعارف ، _c1965 |
||
| 300 |
_a336 ص ؛ _c24 سم |
||
| 650 | 0 | 4 | _aالمساجد - تاريخ |
| 650 | 0 | 4 | _aالازهر (جامع) |
| 650 | 0 | 4 | _aمسجد عمرو اوالمسجد العتيق |
| 650 | 0 | 4 | _aالقاهرة الفاطمية |
| 650 | 0 | 4 | _aالقاهرة - المساجد |
| 650 | 0 | 4 | _aالمساجد الاثرية |
| 650 | 0 | 4 | _aمصر - الاثار الاسلامية |
| 650 | 0 | 4 | _aالدولة الفاطمية - مساجد |
| 650 | 0 | 4 | _aالعمارة - تاريخ - العصر الفاطمى |
| 650 | 0 | 4 | _aالمساجد - تخطيط |
| 942 |
_2ddc _cBK |
||
| 999 |
_c58848 _d58848 |
||